00778nam a2200205 i 450000100060000000300090000600500170001500700030003200800410003524501730007626000380024930000220028749000120030965000340032170000380035583000200039385200220041399900170043595201200045275661ES-MaACL20230906172535.0t|040927s1944 ag |||| | spa d00aGrandes aforistas b: Marco Aurelio, Gracián, La Rochefoucauld, Habbel, Nietzsche, Oscar Wilde / c[selección, traducción y notas preliminares por Ricardo Baeza]. aBuenos Aires : bEmecé, c1944. a292 p. ; c18 cm.1 aEmecé14aMáximas y aforismos.9148651 aBaeza, Ricardo,d1890-19569246200 aEmecé9227253 aES-MaACLjB-12921 c75661d75661 00104070aATENEOMbATENEOMcSPBd2008-01-17eSCl0oB-12921p1079191r2023-02-23 00:00:00w2023-02-23yMONOGRAFIA